ロード中...

Industrial economics : theory and evidence /

書誌詳細
第一著者: Hay, Donald A.
その他の著者: Morris, Derek J.
フォーマット: Printed Book
言語:English
出版事項: Oxford: Oxford University press, 1979.
LEADER 00501 a2200133 4500
008 100208b ||||| |||| 00| 0 eng d
082 |a 338 
100 |a Hay, Donald A. 
245 |a Industrial economics :  |b theory and evidence / 
260 |b Oxford University press,  |a Oxford:  |c 1979. 
700 |a Morris, Derek J. 
942 |c BK 
999 |c 314985  |d 314985 
952 |0 0  |1 0  |2 ddc  |4 0  |6 338_000000000000000_HAY_I  |7 0  |9 361084  |a ECN  |b ECN  |c ST1  |d 2010-09-07  |g 0.00  |i 5495  |l 3  |o 338 HAY/I  |p ECN5495  |r 2021-03-20  |s 2021-03-12  |w 2010-09-07  |y BK